00504nam a22001697a 450000500170000001000140001702000100003103500130004103700130005408200120006710000160007924500820009526000330017727000860021030000220029670000160031820100802115619.0 aENG-97736 c75.00 aEN-81269 bDBAD/PUB a541.369 aJayanthi, S aGroup theory and satistical thermodynamics /cby S. Jayanthi [and] M. Pramesh aChennaibSaratha Pathippagam aG-4, Shanthi Apartments, 3, Sri Krishanapuram Street, RoyapettahbChennaie600014 a138p.c21cm (pbk) aPramesh, M